Statystyki dla Meble po niemiecku

Kliknij tutaj aby rozwiązać quiz!

Ogólne statystyki

  • Ten quiz został rozwiązany 34 razy
    (6 od ostatniego zresetowania)
  • Średni wynik to 13 z 24

Statystyki odpowiedzi

MebelMebel po niemiecku% Poprawnych
Lampadie Lampe
100%
Kanapadas Sofa
75%
Biurkoder Schreibtisch
75%
Fotelder Sessel
75%
Lustroder Spiegel
75%
Krzesłoder Stuhl
75%
Dywander Teppich
75%
Stółder Tisch
75%
Łóżkodas Bett
50%
Oknodas Fenster
50%
Regałdas Regal
50%
Doniczkader Blumentopf
50%
Telewizorder Fernseher
50%
Sufitdie Decke
50%
Komodadie Kommode
50%
Roślinadie Pflanze
50%
Drzwidie Tür
50%
Scianadie Wand
50%
Obrazdas Bilt
25%
Podłogader Fuẞboden
25%
Taboretder Hocker
25%
Zasłonader Vorhang
25%
Kurtynadie Gardine
25%
Wazondie Vase
25%

Rozkład punktacji

Percentyl według liczby udzielonych odpowiedzi

Procent ludzi z każdym wynikiem

Twoja historia wyników

Nie rozwiązałeś tego quizu od ostatniego zresetowania